| 000 | 00890nam a2200229Ia 4500 | ||
|---|---|---|---|
| 999 |
_c4400 _d4400 |
||
| 003 | OSt | ||
| 005 | 20200511132617.0 | ||
| 008 | 191128t1997 ck a br 000 j spa d | ||
| 020 | _a9583002674 | ||
| 040 | 0 | 4 |
_aCO-JMCR _cCO-JMCR |
| 041 | 0 | _aspa | |
| 082 | 0 | 4 |
_aC / _bNIÑs |
| 100 |
_aNiño, Jairo Aníbal, _d1941-2010 _eautor _94195 |
||
| 245 | 1 | 4 |
_aLos superhéroes / _cJairo Aníbal Niño |
| 250 | _aPrimera edición | ||
| 260 |
_aBogotá : _bPanamericana, _c1997 |
||
| 300 |
_a57 páginas : _bilustraciones a color ; _c19 cm. |
||
| 490 | 0 | _aOsito de anteojos | |
| 520 | _aEl humo de las fábricas puede hacer que Supermán pierda sus poderes. Sólo los cuidados de un niño como Mateo que le muestra el trabajo de los recicladores, puede librar que el Hombre de Acero vuelva a las historietas que se compran en la tienda. | ||
| 650 |
_aCuentos infantiles _94196 |
||
| 942 |
_2ddc _cBK |
||